Najmniejsze stolice na świecie. - Statystyki

Ogólne statystyki
  • Ten quiz został rozwiązany 118 razy
  • Średni wynik to 4 z 7
Statystyki odpowiedzi
Ludność Stolica % Poprawnych
836 Watykan
94%
5 460 Vaduz/Liechtenstein
68%
4 493 San Marino
67%
1 250 Yaren/Nauru
51%
5 460 Valetta/Malta
46%
391 Ngerulmud/Palau
27%
4 500 Vaiaku/Tuvalu
27%
Nie znaleziono quizów pasujących do podanych kryteriów
Rozkład punktacji
Procent ludzi z każdym wynikiem
Percentyl według liczby udzielonych odpowiedzi
Twoja historia wyników
Nie rozwiązałeś tego quizu